CompTIA pentest t;guide to penetration testing (Record no. 2598)

MARC details
000 -LEADER
fixed length control field 00430nam a22001457a 4500
008 - FIXED-LENGTH DATA ELEMENTS--GENERAL INFORMATION
fixed length control field 250321b |||||||| |||| 00| 0 eng d
020 ## - INTERNATIONAL STANDARD BOOK NUMBER
ISBN 9780357950661
100 ## - MAIN ENTRY--AUTHOR
Author Wilson Robert S.
245 ## - TITLE STATEMENT
Title CompTIA pentest t;guide to penetration testing
260 ## - PUBLICATION, DISTRIBUTION, ETC. (IMPRINT)
Place of publication U.S
Name of publisher Cenguge learning Inc
Date of publication 2024
300 ## - COLLATION
Pagination xiv,482p
650 ## - TRACINGS
Main Subject penetration testing [computer security] exermination study
942 ## - ADDED ENTRY ELEMENTS (KOHA)
Item type Books
050 ## - LIBRARY OF CONGRESS CALL NUMBER
Classification number TK105.59
Item number .W55
Holdings
Source of classification or shelving scheme Not for loan Permanent location Current location Date acquired Accession No. Full call number Barcode. Koha item type
Library of Congress Classification   Samuel Ogbemudia Main Library, University of Abuja Samuel Ogbemudia Main Library, University of Abuja 03/21/2025 2024/63884 TK105.59.W55 2025-0882 Books